01361nam a22003378i 4500001001000000003000900010005001700019008004100036020003600077020002100113040004100134082002200175245016400197250002600361250003500387264003700422264001000459300007000469336002600539337002800565338002700593504005200620650003100672650004500703653002500748655002400773700004100797942001200838999001700850952015600867020145996EG-ScBUE20221107074328.0210325t2022 nyua f b 001 0 eng d a9781265028244 (pbk.) :c£56.99 a1265028249 (pbk) aStDuBDSbengerdacStDuBDSdEG-ScBUE04a658.4012222bCRA00aCrafting and executing strategy :bthe quest for competitive advantage : concepts and cases /cArthur A. Thompson, The University of Alabama [and three others] aTwenty-third edition. aInternational student edition. 1aNew York :bMcGraw-Hill,c[2022] 4cc2022 a1 volume (various pagings) :billustrations (some color) ;c28 cm atext2rdacontentbtxt aunmediated2rdamediabn avolume2rdacarrierbnc aIncludes bibliographical references and index.  7aStrategic planning.2BUEsh 7aStrategic planningvCase studies.2BUEsh bBUSADMcNovember2022 vReading book9342321 aThompson, Arthur A.,d1940-eauthor. 2ddccBB c29946d29917 00102ddc40708BaccahaMAINbMAINc1STd2022-11-07ePurchaseg880.00h36914l0o658.4012 CRAp000056410r2025-07-15 00:00:00v1100.00w2022-11-07yBB